Mamíferos del Parque Nacional Guatopo (<Venezuela>): lista actualizada y estudio comunitario (Registro nro. 10276)

Detalles MARC
000 -CABECERA
Campo de control 006490000a22001930004500
090 ## - CLASIFICACIÓN LOCAL
Colección AR
Consecutivo 01190
041 0# - IDIOMA
Código de idioma para texto/pista de sonido o título separado
100 1# - ASIENTO PRINCIPAL--NOMBRE PERSONAL
Nombre personal Ochoa G., José
245 10 - MENCION DE TITULO
Título Mamíferos del Parque Nacional Guatopo (<Venezuela>): lista actualizada y estudio comunitario
650 14 - ASIENTO SECUNDARIO DE MATERIA - TERMINO TEMATICO
Término temático o nombre geográfico como elemento de entrada Inventarios de fauna
650 14 - ASIENTO SECUNDARIO DE MATERIA - TERMINO TEMATICO
Término temático o nombre geográfico como elemento de entrada Mamíferos
650 14 - ASIENTO SECUNDARIO DE MATERIA - TERMINO TEMATICO
Término temático o nombre geográfico como elemento de entrada Ecología de poblaciones
650 14 - ASIENTO SECUNDARIO DE MATERIA - TERMINO TEMATICO
Término temático o nombre geográfico como elemento de entrada Bosques
651 #4 - ASIENTO SECUNDARIO DE MATERIA - NOMBRE GEOGRAFICO
-- Parque Nacional Guatopo
-- Venezuela
700 1# - ASIENTO SECUNDARIO - NOMBRE PERSONAL
Nombre personal Soriano M., Pascual J.
700 1# - ASIENTO SECUNDARIO - NOMBRE PERSONAL
Nombre personal Aguilera, Marisol
773 1# - Item fuente:
Título Acta Científica Venezolana
Especificación de materiales 254
Paginas del Articulo 174-187
Lugar, editorial y fecha de publicación 1995
Información sobre la relación 46
942 ## - ELEMENTOS ADICIONALES (KOHA)
Tipo de ítem Artículo
Existencias
Withdrawn status Lost status Damaged status No para préstamo Colección Ubicación Permanente Ubicación actual Fecha de adquisición Fuente de Valor Datos de publicación Seriada Total Checkouts Número topográfico Inventario / Código de Barras Date last seen Ejemplar Price effective from Forma de adquisición Tipo de material
      No para Préstamo Hemeroteca Bogotá Bogotá 27/02/2015 INCIVA Fuera de circulación   AR 01190 011511 25/03/2015 1 25/03/2015   Artículo